Introducción a la termodinámica, teoría cinética de los gases y mecánica estadística
সংরক্ষণ করুন:
| প্রধান লেখক: | , |
|---|---|
| বিন্যাস: | গ্রন্থ |
| ভাষা: | স্প্যানিশ |
| প্রকাশিত: |
Barcelona
Reverté
1959
|
| সংস্করন: | 1a. ed |
| বিষয়গুলি: | |
| ট্যাগগুলো: |
ট্যাগ যুক্ত করুন
কোনো ট্যাগ নেই, প্রথমজন হিসাবে ট্যাগ করুন!
|
MARC
| LEADER | 00000cam a2200000 a 4500 | ||
|---|---|---|---|
| 001 | UCU3276 | ||
| 003 | CL-VaPUC | ||
| 008 | 960502e19590000SP |||||||||||||||||spa|d | ||
| 082 | 0 | 4 | |a 536.7 |b SEA |2 21 |
| 100 | 0 | |a Sears, Francis Weston |e author |9 360150 | |
| 700 | 0 | |a D'Alessio, Juan T |e author |9 360151 | |
| 245 | 1 | 0 | |a Introducción a la termodinámica, teoría cinética de los gases y mecánica estadística |
| 250 | |a 1a. ed | ||
| 300 | |a 378 p | ||
| 942 | |c BK | ||
| 945 | |d 19960502 00:00:00 |a lriquelm | ||
| 260 | |a Barcelona |b Reverté |c 1959 | ||
| 650 | 0 | |a Termodinámica |9 259320 | |
| 650 | 0 | |a Gases |9 260945 | |
| 650 | 7 | |a MECANICA DE GASES |2 CL-VaPUC |9 360152 | |
| 650 | 0 | |a Entropía |9 262675 | |
| 583 | |a last modification |c 20130325 09:57:09 |k Rodrigo Vera | ||
| 999 | |c 247345 |d 247343 | ||
| 952 | |0 0 |1 0 |4 0 |6 536_700000000000000_SEA_1959 |7 0 |8 A |9 263210 |a BIBING |b BIBING |d 2019-11-19 |i 1653148 |o 536.7 SEA 1959 |p 1653148 |r 2025-01-20 |w 2019-11-19 |y BK |k EIE | ||
| 952 | |0 0 |1 0 |4 0 |6 536_700000000000000_SEA_1959 |7 0 |8 A |9 263211 |a BIBMEC |b BIBMEC |d 2019-11-19 |i 4949404 |o 536.7 SEA 1959 |p 4949404 |r 2024-01-19 |w 2019-11-19 |y BK |k MEC | ||